GDP混合排名:欧洲国家vs美国州vs中国省 - Statistics

General Stats
  • This quiz has been taken 94 times
  • The average score is 37 of 46
Answer Stats
% Correct
9 18855 广东省
99%
10 17820 江苏省
99%
1 47100 德国
97%
13 12795 山东省
97%
15 11473 浙江省
97%
2 38704 加利福尼亚州
96%
3 35875 英国
96%
4 31741 法国
96%
6 23765 意大利
96%
21 8357 四川省
96%
27 7755 湖北省
96%
32 6950 湖南省
96%
35 6562 上海市
96%
11 17315 西班牙
95%
23 8218 河南省
95%
39 6082 北京市
95%
7 21843 俄罗斯
94%
8 21720 纽约州
94%
29 7554 福建省
94%
37 6107 河北省
92%
36 6539 安徽省
91%
14 12184 荷兰
90%
18 9423 瑞士
90%
24 8079 华盛顿州
88%
38 6090 瑞典
88%
20 8629 波兰
87%
28 7750 台湾省
87%
34 6622 比利时
87%
41 5358 奥地利
87%
46 5038 挪威
86%
12 16008 佛罗里达州
81%
5 25839 得克萨斯州
70%
17 9764 宾夕法尼亚州
70%
30 7363 马萨诸塞州
69%
40 5606 爱尔兰
69%
33 6738 密歇根州
65%
16 10983 伊利诺伊州
62%
19 8848 俄亥俄州
61%
45 5156 马里兰州
56%
31 7199 弗吉尼亚州
55%
22 8318 佐治亚州
52%
25 8067 新泽西州
52%
44 5228 亚利桑那州
49%
42 5296 科罗拉多州
47%
43 5230 田纳西州
44%
26 7881 北卡罗来纳州
43%
No matching quizzes found
Score Distribution
Percent of People with Each Score
Percentile by Number Answered
Your Score History
You have not taken this quiz